Informationssysteme und Organisationsänderungen in Universitätsbibliotheken

Guardado en:
Detalles Bibliográficos
Autor principal: Hass, Ellen (Autor)
Formato: Libro
Lenguaje:alemán
Publicado: Frankfurt am Main : Peter Lang, 1997
Colección:Europäische Hochschulschriften
Materias:
Etiquetas: Agregar Etiqueta
Sin Etiquetas, Sea el primero en etiquetar este registro!

MARC

LEADER 00000nam a22000003a 4500
001 stu82681
005 20150617225638.7
008 031202s1997----gw------------------ger-d
020 |a 3-631-31687-9 
040 |a STU  |b slo 
041 0 |a ger 
044 |a gw 
080 |a 027.7 
100 1 |a Hass, Ellen  |4 aut 
245 1 |a Informationssysteme und Organisationsänderungen in Universitätsbibliotheken 
260 |a Frankfurt am Main :  |b Peter Lang,  |c 1997 
300 |a 154 s 
650 7 |a knižnice univerzitné-zmeny organizačné  |2 stusub 
650 7 |a informačné systémy knižničné  |2 stusub 
830 0 |a Europäische Hochschulschriften  |g Reihe V. Volks- und Betriebswirtschaft 
996 |b 284M058049  |c M*11245-1  |l MMKN  |s A  |a 24  |w stu82681_0001